1687 1360 1569 1275 1917 1509 1759 1615 1119 1135 1995 1309 1004 1903 1087 1480 1754 1356 1974 1052 1652 1594 1816 1698 1541 1938 1835 1749 1769 1084 1013 1631 1405 1089 1618 1268 1704 1679 1071 1455 1210 1148 1640 1883 1548 1265 1532 1329 1882 1316 1560 1768 1446 1783 1824 1129 1631 1077 1174 1680 1928 1285 1842 1397 1031 1222 1297 1855 1437 1260 1876 1294 1667 1778 1331 1564 1403 1719 1462 1968 1828 1085 1180 1868 1578 1878 1517 1961 1543 1024 1195 1133 1438 1843 1968 1394 2000 1920 1420 BCNSPRNW ULIB Ver.6.0+V

เปลี่ยนเป็นภาษาไทย

Change to English
 แสดงรายละเอียดบรรณานุกรม
  กลับหน้าหลัก

Brief Record : Get Marc (ISO 2709) : E-mail record : QR code < ปิดหน้าต่าง
LEADER : 00000nam 2200000uu 4500
001    13399125570
003     ULIB
008    170630s2559||||th 000 0 tha d
020    ^a9786165071055
040    ^absi
060 04 ^aWB310^bส576ว
100 0  ^aสันต์ หัตถีรัตน์
245 10 ^aวาระสุดท้ายที่งดงาม /^cโดย สันต์ หัตถีรัตน์
250    ^aพิมพ์ครั้งที่ 1
260    ^aกรุงเทพฯ :^bหมอชาวบ้าน,^c2559
300    ^a211 หน้า :^bภาพประกอบ ;^c21 ซม.
650  4 ^aผู้ป่วยระยะสุดท้าย^xการดูแล
650  4 ^aผู้ป่วยหนัก^xการดูแล
650  4 ^aทัศนคติต่อการตาย
945    ^p0^l0^i002493
945    ^p0^l0^i002494
945    ^p0^l0^i002495
945    ^p0^l0^i002496
945    ^p0^l0^i002497
999    ^aวรรณษา ชูชัยมงคล
รายการนี้ยังไม่มีแท็ก
คุณยังไม่ได้ล็อกอิน คุณสามารถมีกิจกรรมร่วมกับเว็บไซต์ได้ แต่ต้องล็อกอินก่อน ::
  ล็อกอิน

รายการสื่อสารสนเทศ

ลำดับที่ ประเภท เลขเรียก/บาร์โค้ด สถานที่ สถานะ
1. วิทยาศาสตร์การแพทย์ และสุขภาพ
วิทยาศาสตร์การแพทย์ และสุขภาพ
สถานะ=หนังสือเก่า
WB310 ส576ว ฉ.1 
  Barcode: 002493
ห้องสมุดวิทยาเขตสวรรค์ประชารักษ์
►ส่วนจัดเก็บหนังสือเก่า สปร
บนชั้น
  ขอยืม
2. วิทยาศาสตร์การแพทย์ และสุขภาพ
วิทยาศาสตร์การแพทย์ และสุขภาพ
สถานะ=หนังสือเก่า
WB310 ส576ว ฉ.2 
  Barcode: 002494
ห้องสมุดวิทยาเขตสวรรค์ประชารักษ์
►ส่วนจัดเก็บหนังสือเก่า สปร
บนชั้น
  ขอยืม
3. วิทยาศาสตร์การแพทย์ และสุขภาพ
วิทยาศาสตร์การแพทย์ และสุขภาพ
สถานะ=หนังสือเก่า
WB310 ส576ว ฉ.3 
  Barcode: 002495
ห้องสมุดวิทยาเขตสวรรค์ประชารักษ์
►ส่วนจัดเก็บหนังสือเก่า สปร
บนชั้น
  ขอยืม
4. วิทยาศาสตร์การแพทย์ และสุขภาพ
วิทยาศาสตร์การแพทย์ และสุขภาพ
สถานะ=หนังสือเก่า
WB310 ส576ว ฉ.4 
  Barcode: 002496
ห้องสมุดวิทยาเขตสวรรค์ประชารักษ์
►ส่วนจัดเก็บหนังสือเก่า สปร
บนชั้น
  ขอยืม
5. วิทยาศาสตร์การแพทย์ และสุขภาพ
วิทยาศาสตร์การแพทย์ และสุขภาพ
สถานะ=หนังสือเก่า
WB310 ส576ว ฉ.5 
  Barcode: 002497
ห้องสมุดวิทยาเขตสวรรค์ประชารักษ์
►ส่วนจัดเก็บหนังสือเก่า สปร
บนชั้น
  ขอยืม

รายการใกล้เคียง
    ผู้แต่ง [สันต์ หัตถีรัตน์]

    หัวเรื่อง [ทัศนคติต่อการตาย]

BibComment


ยังไม่เคยถูกคอมเมนท์

คอมเมนท์ทรัพยากรรายการนี้
  คอมเมนท์: วาระสุดท้ายที่งด..


 Copyright 2026. Bcnsprnw @Library